| 000 | 01913aam a2200373 a 4500 | ||
|---|---|---|---|
| 005 | 20210414114534.0 | ||
| 008 | 910110s1990 onca b 001 0 eng | ||
| 010 | _a 91103347 | ||
| 015 | _aC90-93236-8 | ||
| 020 | _a0802058531 (cloth : alk. paper) | ||
| 020 | _a0802067603 (pbk. : alk. paper) | ||
| 035 | _aACQ5181LB | ||
| 035 | _a(OCoLC)ocm25748758 | ||
| 040 |
_aDLC _cDLC _dNLC _dAUM _dSMI _dWaOLN |
||
| 043 | _an-cn-on | ||
| 045 | _aw8x5 | ||
| 049 |
_aSMIH _ncbej 02/11/00 |
||
| 050 | 0 | 0 | _aHD6060.65.C32 O57 |
| 100 | 1 | _aParr, Joy. | |
| 245 | 1 | 4 |
_aThe gender of breadwinners: women, men, and change in two industrial towns,1880-1950. / _cJoy Parr. |
| 260 |
_aToronto : _bUniversity of Toronto Press, _c1990. |
||
| 300 |
_axiii, 314 p. : _bill. ; _c24 cm. |
||
| 504 | _aIncludes bibliographical references (p. [299]-308) and index. | ||
| 505 | _aContents: Part one: Gender, culture, and labour recruitment -- The politics of protection -- When is knitting women's work? -- Domesticity and mill families -- Womanly militance, neighbourly wrath -- Part Two: As Christ the carpenter --Manliness, craftsmanship, and scientific management -- For men and girls: the politics and experience of gendered wage work -- Single fellows and family men --Union men. | ||
| 650 | 0 |
_aSexual division of labor _zOntario _zParis _xHistory _y19th century. |
|
| 650 | 0 |
_aSexual division of labor _zOntario _zParis _xHistory _y20th century. |
|
| 650 | 0 |
_aSexual division of labor _zOntario _zHanover _xHistory _y19th century. |
|
| 650 | 0 |
_aFurniture industry and trade _zOntario _zHanover _xHistory _y19th century. |
|
| 650 | 0 |
_aFurniture industry and trade _zOntario _zHanover _xHistory _y20th century. |
|
| 650 | 0 |
_aKnit goods industry _zOntario _zParis _xHistory _y19th century. |
|
| 650 | 0 |
_aKnit goods industry _zOntario _zParis _xHistory _y20th century. |
|
| 942 |
_2lcc _cBK |
||
| 949 |
_lnmah _gnmahmai _i39088009147422 _nlc _tbook |
||
| 999 |
_c6206 _d13706 |
||